[Event "I Gipuzkoa Sports"]
[Site "Donostia ESP"]
[Date "2010.12.31"]
[Round "9"]
[White "Ramiro Ovejero,J"]
[Black "Gonzalez de la Torre,S"]
[Result "1/2-1/2"]
[WhiteElo "2381"]
[BlackElo "2412"]

1.e4 d6 2.d4 Nf6 3.Nc3 e5 4.f4 exd4 5.Qxd4 Nc6 6.Qd3 d5 7.e5 Nb4 8.Qe2 Bg4
9.Nf3 Bxf3 10.gxf3 Nd7 11.Be3 Qh4+ 12.Bf2 Qxf4 13.Bg3 Qh6 14.a3 d4 15.Nb5 Nd5
16.Qe4 c6 17.Nxd4 Nc5 18.Qe2 O-O-O 19.Nf5 Qh5 20.h4 g6 21.Nd4 f5 22.exf6 Bd6
23.Bh3+ Kb8 24.Bxd6+ Rxd6 25.O-O-O Qxh4 26.f7 Qf4+ 27.Kb1 Qxf7 28.c4 Re8
29.Qh2 Nf4 30.Nf5 Rxd1+ 31.Rxd1 Qc7 32.Nd6 Rf8 33.Ne4 Nfd3 34.Qxc7+ Kxc7
35.Ng5 Nf2 36.Rf1 Nxh3 37.Nxh3 Nb3 38.Ng5 Rf5 39.Kc2 Nd4+ 40.Kd3 c5 41.f4 h6
42.Ne4 Ne6 43.Nc3 Kc6 44.Nd5 Kd6 45.Rg1 b5 46.b3 bxc4+ 47.bxc4 Nf8 48.Ke4 Rf7
49.Rh1 Rh7 50.Rd1 Ke6 51.Rb1 Nd7 52.Nc7+ Kd6 53.Nb5+ Ke6 54.Nc7+ Kd6 55.Nb5+  1/2-1/2

[Event "Hastings Masters 2010-11"]
[Site "Hastings ENG"]
[Date "2010.12.31"]
[Round "4.23"]
[White "Zhou,Y"]
[Black "Pickersgill,A"]
[Result "1-0"]
[WhiteElo "2326"]
[BlackElo "2026"]

1.e4 d6 2.d4 Nf6 3.Nc3 c6 4.Nf3 Bg4 5.h3 Bh5 6.Qe2 e6 7.g4 Bg6 8.h4 h5 9.g5 Nfd7
10.Bg2 Be7 11.O-O Qc7 12.Ne1 e5 13.Be3 Na6 14.Nd3 O-O-O 15.d5 Nac5 16.dxc6 bxc6
17.b4 Nxd3 18.cxd3 f6 19.b5 Bf7 20.bxc6 Qxc6 21.Rab1 fxg5 22.Nb5 Qa8 23.Nxa7+ Kc7
24.Nb5+ Kc8 25.Bxg5 Nf6 26.Rfc1+ Kd7 27.Nc7 Qxa2 28.Bh3+ Ng4 29.Bxg4+ hxg4
30.Qxg4+  1-0

[Event "Rilton Cup 2010-11"]
[Site "Stockholm SWE"]
[Date "2010.12.31"]
[Round "5"]
[White "Sagit,R"]
[Black "Eriksson,Jor"]
[Result "1/2-1/2"]
[WhiteElo "2406"]
[BlackElo "2202"]

1.e4 d6 2.d4 Nf6 3.Nc3 e5 4.dxe5 dxe5 5.Qxd8+ Kxd8 6.Bg5 Be6 7.O-O-O+ Nd7
8.Nd5 Kc8 9.f3 Nxd5 10.exd5 Bf5 11.g4 Bg6 12.h4 h6 13.Be3 Bc5 14.Bxc5 Nxc5
15.Bh3 a5 16.h5 Bh7 17.g5+ Kb8 18.gxh6 gxh6 19.Ne2 Ra6 20.Rhe1 Rf6 21.Bg4 Rg8
22.a3 Bf5 23.Nc3 Bxg4 24.fxg4 Nd7 25.Re4 Rf4 26.Rxf4 exf4 27.Rf1 Rxg4 28.Ne2 Rg5
29.Rxf4 f6 30.c4 Rxh5 31.Ng3 Rh3 32.Ne4 Ne5 33.Rxf6 Nxc4 34.Rf8+ Ka7 35.Rf7 Rh1+
36.Kc2 Ne3+ 37.Kd3 Nxd5 38.Kd4 Rd1+ 39.Ke5 Nb6 40.Rxc7 Rd5+ 41.Ke6 Rb5 42.b4 axb4
43.Nd6 Rg5 44.axb4 Rg6+ 45.Ke5 Rg5+ 46.Ke4 Rg4+ 47.Kd3 Rxb4 48.Rxb7+ Ka6
49.Rh7 Rh4 50.Nf5 Rh5 51.Rf7 Rg5 52.Nxh6 Kb5 53.Nf5 Rh5 54.Nd4+ Ka6 55.Kc3 Rh3+
56.Kb4 Rh4 57.Kc5 Na4+ 58.Kc4  1/2-1/2

[Event "Hilton Open"]
[Site "Basel SUI"]
[Date "2011.01.02"]
[Round "2.13"]
[White "Eschbach,D"]
[Black "Staechelin,R"]
[Result "1-0"]
[WhiteElo "2416"]
[BlackElo "2129"]

1.e4 d6 2.d4 Nf6 3.Nc3 e5 4.Nf3 Nbd7 5.Bc4 Be7 6.O-O O-O 7.Re1 c6 8.a4 b6
9.b3 a6 10.Bb2 Qc7 11.d5 c5 12.Nd2 Rd8 13.g3 Nf8 14.f4 Bg4 15.Be2 Bxe2 16.Qxe2 N8d7
17.Nc4 Ne8 18.Kh1 Bf6 19.f5 Bg5 20.h4 Bh6 21.Rg1 Rdb8 22.Qf2 Qb7 23.g4 g5
24.Bc1 f6 25.Be3 Nf8 26.Qd2 Qg7 27.Ne2 Kf7 28.Kh2 Ke7 29.Kh3 Nd7 30.Ng3 Kd8
31.Nf1 Kc7 32.Nh2 b5 33.Na5 bxa4 34.Rxa4 Nb6 35.Raa1 Nd7 36.Nc6 Rb5 37.Nf3 Nb8
38.Na5 Rb4 39.Nc4 Nd7 40.Ra5 Nb6 41.Nxb6 Rxb6 42.Ra4 Rb5 43.hxg5 Bxg5 44.Bxg5 fxg5
45.Qxg5 Qf8 46.Qh4 h6 47.g5 hxg5 48.Nxg5 Kb6 49.Ne6 Qf7 50.Rg6 a5 51.Nd8 Qd7
52.Nc6 Rc8 53.Nxe5  1-0

[Event "Hilton Open"]
[Site "Basel SUI"]
[Date "2011.01.02"]
[Round "3.11"]
[White "Bae,T"]
[Black "Meyer,B"]
[Result "1-0"]
[WhiteElo "2411"]
[BlackElo "2133"]

1.e4 d6 2.d4 Nf6 3.Nc3 e5 4.Nf3 Nbd7 5.Be2 Be7 6.O-O O-O 7.Re1 c6 8.a4 b6
9.Bf1 a6 10.d5 c5 11.Nd2 Ne8 12.Nc4 Rb8 13.f4 exf4 14.Bxf4 f6 15.Ne3 Ne5
16.Rb1 Qc7 17.Qd2 g5 18.Bg3 Ng7 19.Be2 h5 20.Rf1 Qa7 21.Bxe5 fxe5 22.Rxf8+ Kxf8
23.Rf1+ Kg8 24.Nf5 Bxf5 25.exf5 Rf8 26.Ne4 Rxf5 27.Rxf5 Nxf5 28.Bxh5 b5 29.Bg4 c4+
30.Kh1 Ng7 31.a5 b4 32.Be2 Nf5 33.Bxc4 g4 34.Be2 g3 35.Bg4 Ne3 36.Be6+ Kh8
37.Nxg3 Bg5 38.Qf2 Bf4 39.Ne2 Bh6 40.Qf6+ Qg7 41.Qxg7+ Kxg7 42.Ng3  1-0

[Event "Berkeley Int Open"]
[Site "Berkeley USA"]
[Date "2011.01.02"]
[Round "1"]
[White "Friedel,J"]
[Black "Santic,B"]
[Result "1-0"]
[WhiteElo "2508"]
[BlackElo "2259"]

1.e4 d6 2.d4 Nf6 3.Nc3 e5 4.Nf3 exd4 5.Nxd4 Be7 6.Bc4 O-O 7.O-O Nbd7 8.Nf5 Ne5
9.Nxe7+ Qxe7 10.Bb3 c6 11.Bg5 h6 12.Bh4 b5 13.f3 a5 14.a3 a4 15.Ba2 Be6 16.f4 Ng6
17.Bxf6 gxf6 18.Qh5 Bxa2 19.Qxh6 Bc4 20.Rf3 f5 21.exf5 Qh4 22.Qxh4 Nxh4 23.Rg3+ Kh7
24.Rh3 Rfe8 25.Rxh4+ Kg7 26.Kf2 d5 27.Rd1 c5 28.Nxd5 Re2+ 29.Kf3 Rxc2 30.f6+ Kg6
31.f5+ Kg5 32.Rg4+ Kh6 33.Nf4 Rxb2 34.Rg7 Ra6 35.g4 Rxf6 36.Rg8 Kh7 37.Rdd8 Rb3+
38.Ke4  1-0

[Event "XXI Cracow Open"]
[Site "Cracow POL"]
[Date "2011.01.03"]
[Round "8.5"]
[White "Tazbir,M"]
[Black "Gagarin,V"]
[Result "1-0"]
[WhiteElo "2527"]
[BlackElo "2435"]

1.e4 d6 2.d4 Nf6 3.Nc3 e5 4.Nf3 Nbd7 5.g3 Be7 6.Bg2 O-O 7.O-O c6 8.a4 a5
9.b3 Re8 10.Ba3 Qc7 11.Qd2 Bf8 12.Rfe1 Nb8 13.d5 Na6 14.Na2 cxd5 15.exd5 Nc5
16.Nc3 b6 17.Nb5 Qd7 18.Ng5 Bb7 19.Bh3 Qd8 20.Nc3 h6 21.Nf3 g6 22.Bf1 Bg7
23.Bb5 Rf8 24.Rad1 Qc7 25.Nh4 Rac8 26.Bc6 Bxc6 27.dxc6 Qxc6 28.Qxd6 Rfe8
29.Qxc6 Rxc6 30.Nb5 Bf8 31.Ng2 Nce4 32.Bxf8 Kxf8 33.Ne3 h5 34.Nc4 Ng5 35.Kg2 e4
36.Nd4 Rc7 37.Nxb6 Nf3 38.Nxf3 exf3+ 39.Kxf3 Rc3+ 40.Kg2 Rxc2 41.Rxe8+ Kxe8
42.Nc4 g5 43.Rd2 Rc3 44.Nxa5 g4 45.Rd4 Ke7 46.b4 Ke6 47.b5 Nd5 48.Nc4 Nb4
49.b6 Na6 50.Rd6+ Ke7 51.Rc6 Nb8 52.Rc8 Na6 53.b7 Rb3 54.Na5  1-0

[Event "Hastings Masters 2010-11"]
[Site "Hastings ENG"]
[Date "2011.01.03"]
[Round "7.32"]
[White "Prosviriakov,V"]
[Black "Pickersgill,A"]
[Result "1-0"]
[WhiteElo "2280"]
[BlackElo "2026"]

1.d4 d6 2.e4 Nf6 3.Nc3 c6 4.g3 Nbd7 5.Bg2 e5 6.Nge2 Be7 7.a4 a5 8.O-O O-O
9.h3 Qc7 10.Be3 Re8 11.g4 h6 12.Ng3 Nf8 13.f4 exf4 14.Bxf4 Ng6 15.Be3 Nh7
16.Nf5 Bg5 17.Qd2 Bxf5 18.gxf5 Nh4 19.Rae1 Qe7 20.Qf2 Nxg2 21.Qxg2 Rad8 22.Kh1 Kh8
23.Rg1 Rg8 24.Qf3 Bxe3 25.Rxe3 Rde8 26.Qf4 Qf6 27.Ne2 Qd8 28.c3 b5 29.axb5 cxb5
30.Qf3 Ng5 31.Qg2 Qa8 32.e5 Qxg2+ 33.Kxg2 dxe5 34.dxe5 Rb8 35.Ra1 a4 36.Nd4 Rgc8
37.h4 Nh7 38.Kf3 Kg8 39.Kf4 Rb6 40.Rg3 g5+ 41.fxg6 fxg6 42.Ke4 Nf8 43.Nf5 Rc4+
44.Kd5 Kh7 45.Nd4 Nd7 46.b4 Kg7 47.Rf3 Rc8 48.Raf1 Kg8 49.e6 Nb8 50.e7 Nd7
51.Ne6 Rbb8 52.Kd6  1-0

[Event "Hastings Masters 2010-11"]
[Site "Hastings ENG"]
[Date "2011.01.03"]
[Round "7.35"]
[White "Lenier,J"]
[Black "Green,An"]
[Result "0-1"]
[WhiteElo "2006"]
[BlackElo "2141"]

1.e4 d6 2.d4 Nf6 3.Nc3 e5 4.Nf3 Nbd7 5.Bc4 Be7 6.O-O O-O 7.Re1 c6 8.a4 a5
9.b3 Nb6 10.Bd3 Bg4 11.Be3 Nfd7 12.h3 Bh5 13.g4 Bg6 14.Ne2 d5 15.Ng3 Bb4
16.Bd2 Bxd2 17.Qxd2 exd4 18.exd5 Nxd5 19.Nxd4 Nc5 20.Bf5 Qc7 21.h4 Rad8 22.h5 Bxf5
23.Ngxf5 Qf4 24.Qxf4 Nxf4 25.Rad1 g6 26.Ng3 Rfe8 27.h6 Kf8 28.Nf3 f6 29.g5 Nh3+
30.Kg2 Nxg5 31.Nxg5 fxg5 32.Rxd8 Rxd8 33.Re5 Rd5 34.Rxd5 cxd5 35.Kf3 Ke7
36.Ke3 Kd6 37.Ne2 Ne6 38.Nd4 Nd8 39.Nf3 Nf7 40.Kd2 g4  0-1

[Event "23rd Staufer-Open"]
[Site "Leinzell GER"]
[Date "2011.01.03"]
[Round "4"]
[White "Goebel,C"]
[Black "Schloetzer,W"]
[Result "0-1"]
[WhiteElo "2134"]
[BlackElo "2287"]

1.e4 d6 2.d4 Nf6 3.Nc3 e5 4.Nf3 Nbd7 5.Bc4 Be7 6.O-O O-O 7.Re1 c6 8.a4 a5
9.h3 exd4 10.Nxd4 Nc5 11.b3 Be6 12.Qf3 d5 13.exd5 cxd5 14.Bb5 Rc8 15.Bb2 Nfe4
16.Nxe4 Nxe4 17.Rad1 Qb6 18.Bd3 f5 19.Nxe6 Qxe6 20.c4 Bc5 21.Re2 Qb6 22.cxd5 Qxb3
23.Bc2 Qxf3 24.gxf3 Nxf2 25.Rb1 Nxh3+ 26.Kh1 Nf4 27.Rh2 Rce8 28.d6 Bxd6 29.Bb3+ Kh8
30.Rg1 Be5 31.Bxe5 Rxe5 32.Rh4 Ne2 33.Rd1 Re3 34.Bc4 h6 35.Rd7 b6 36.Rb7 Rf6
37.Rh2 Nf4 38.Rd2 Kh7 39.Rd4 Rxf3 40.Rb8 Rh3+ 41.Kg1 Rg6+ 42.Kf1 Rf3+ 43.Ke1 Rg1+  0-1

[Event "Berkeley Int Open"]
[Site "Berkeley USA"]
[Date "2011.01.04"]
[Round "5"]
[White "Zepeda,L"]
[Black "Santic,B"]
[Result "1/2-1/2"]
[WhiteElo "2202"]
[BlackElo "2259"]

1.e4 d6 2.d4 Nf6 3.Nc3 e5 4.Nf3 exd4 5.Nxd4 Be7 6.Bc4 O-O 7.O-O Nxe4 8.Nxe4 d5
9.Bd3 dxe4 10.Bxe4 Re8 11.c3 Bf6 12.Bc2 Nd7 13.Re1 Ne5 14.h3 c5 15.Nf5 Bxf5
16.Bxf5 Qxd1 17.Rxd1 Rad8 18.Be3 b6 19.Rxd8 Rxd8 20.Re1 g6 21.Bc2 h5 22.Kf1 Nc4
23.Bc1 Kg7 24.Rd1 Rxd1+  1/2-1/2

[Event "Rilton Cup 2010-11"]
[Site "Stockholm SWE"]
[Date "2011.01.04"]
[Round "8"]
[White "Cederstam Barsk Carl"]
[Black "Eriksson,Jor"]
[Result "1/2-1/2"]
[WhiteElo "2020"]
[BlackElo "2202"]

1.e4 d6 2.d4 Nf6 3.Nc3 e5 4.Nf3 Nbd7 5.Bc4 Be7 6.O-O c6 7.a4 O-O 8.Re1 b6
9.Ba2 a6 10.h3 Bb7 11.Qd3 b5 12.axb5 axb5 13.b4 Qb8 14.d5 cxd5 15.exd5 Rc8
16.Be3 Qc7 17.Bd2 Nb6 18.Bb3 Qd7 19.Nh2 Nc4 20.Rxa8 Bxa8 21.Ra1 Qb7 22.Be3 Qb8
23.Ng4 Nxg4 24.hxg4 Nxe3 25.fxe3 Bg5 26.Re1 Bb7 27.Ne4 Bh4 28.g3 Be7 29.Qxb5 Qc7
30.Ra1 Rb8 31.Qd3 Qb6 32.c3 g6 33.Rf1 Ra8 34.Qe2 Rf8 35.g5 Ba6 36.Bc4 Bxc4
37.Qxc4 Qxe3+ 38.Kg2 Bxg5 39.Nxd6 h5 40.Ne4 Bd8 41.d6 Kg7 42.Rf3 Qe1 43.Qd5 f5
44.Nc5 Kh6 45.Nd7 Re8 46.Qf7 Qe2+ 47.Rf2 Qe4+ 48.Kg1 Qe1+ 49.Kg2 Qe4+ 50.Kg1 Qe1+
51.Kg2  1/2-1/2

[Event "XXII Open"]
[Site "Villa De Roquetas ESP"]
[Date "2011.01.04"]
[Round "4"]
[White "Camacho Collados,M"]
[Black "Paunovic,D"]
[Result "1/2-1/2"]
[WhiteElo "2376"]
[BlackElo "2509"]

1.e4 d6 2.d4 Nf6 3.Nc3 e5 4.dxe5 dxe5 5.Qxd8+ Kxd8 6.Bc4 Ke8 7.Bg5 Bd6 8.O-O-O Nbd7
9.Nf3 a6 10.a4 Rb8 11.h3 h6 12.Be3 b6 13.g4 Bb7 14.Nd2 Bb4 15.f3 Bxc3 16.bxc3 Ke7
17.Nf1 Bc6 18.Ng3 g6 19.Bxa6 Ra8 20.Bb5 Bxb5 21.axb5 Ne8 22.Kd2 Nd6 23.Ra1 Rxa1
24.Rxa1 Nxb5 25.c4 Nd6 26.Kc3 h5 27.gxh5 gxh5 28.h4 f6 29.Ra7 c5 30.Bf2 Ke6
31.Ra1 f5 32.exf5+ Nxf5 33.Ne4 Nd4 34.Ng5+ Ke7 35.Re1 Rf8 36.Bxd4 cxd4+ 37.Kb4 Kd6
38.Kb5 Ra8 39.Ne4+ Kc7 40.Kb4 Rf8 41.Kb5 Ra8 42.Kb4 Rf8 43.Kb5 Ra8  1/2-1/2

[Event "XXII Open"]
[Site "Villa De Roquetas ESP"]
[Date "2011.01.04"]
[Round "5"]
[White "Hansen,TR"]
[Black "Cuenca Jimenez,J"]
[Result "1/2-1/2"]
[WhiteElo "2439"]
[BlackElo "2496"]

1.e4 d6 2.d4 Nf6 3.Nc3 e5 4.Nf3 Nbd7 5.g4 Nxg4 6.Rg1 Ngf6 7.Be3 c6 8.Qd2 b5
9.O-O-O Qa5 10.dxe5 dxe5 11.Kb1 b4 12.Na4 Qxa4 13.Nxe5 Be7 14.Nxf7 Kxf7 15.Bc4+ Ke8
16.Rxg7 Bf8 17.Rf7 b3 18.axb3 Qxc4 19.Rxf8+ Rxf8 20.bxc4 Kf7 21.Qd6 Re8 22.Qxc6 Rb8
23.f3 Ne5 24.Qc7+ Bd7 25.b3 Rbc8 26.Qa5 Nc6 27.Rxd7+ Nxd7 28.Qd5+  1/2-1/2

[Event "Hastings Masters 2010-11"]
[Site "Hastings ENG"]
[Date "2011.01.05"]
[Round "9.39"]
[White "Haria,R"]
[Black "Pickersgill,A"]
[Result "1/2-1/2"]
[WhiteElo "1952"]
[BlackElo "2026"]

1.e4 d6 2.d4 Nf6 3.Nc3 c6 4.g3 Nbd7 5.Bg2 e5 6.Nge2 Be7 7.a4 a5 8.O-O O-O
9.h3 Qc7 10.Be3 Re8 11.g4 h6 12.Ng3 Nh7 13.Nf5 Bg5 14.Bxg5 hxg5 15.dxe5 dxe5
16.Qd6 Qxd6 17.Nxd6 Re6 18.Rad1 Nhf8 19.Rd2 b6 20.Rfd1 Ba6 21.Bf1 Bxf1 22.Kxf1 Rb8
23.Nf5 Rb7 24.Rd6 Nb8 25.Rd8 Nd7 26.Nd6 Rb8 27.Nc8 Kh7 28.Ne2 g6 29.Ng1 Rf6
30.Kg2 Kg7 31.Nf3 Nc5 32.Nxg5 Nfe6 33.Nxe6+ Nxe6 34.Re8 Nc7 35.Red8 Ne6 36.Re8 Nc7  1/2-1/2

[Event "Australian Open"]
[Site "Cammeray AUS"]
[Date "2011.01.07"]
[Round "6.34"]
[White "Chen,Vincent"]
[Black "Dibley,Shane E"]
[Result "0-1"]
[WhiteElo "1882"]
[BlackElo "1571"]

1.e4 d6 2.d4 Nf6 3.Nc3 c6 4.f4 Qa5 5.Bd2 Qb6 6.Bc1 e5 7.fxe5 dxe5 8.dxe5 Ng4
9.Qd2 Bc5 10.Nd1 Bxg1 11.Rxg1 Qxg1 12.Qd6 Nxh2 13.Ne3 Nxf1 14.Nxf1 Qxg2 15.Be3 Bg4
16.Bf2 Qxe4+ 17.Ne3 Nd7 18.Kd2 Nxe5 19.Nf5 Nc4+ 20.Kc3 Qe5+ 21.Kxc4 Qd5+
22.Kc3 Bxf5 23.Re1+ Be6 24.Qg3 O-O-O 25.Qf4 Qa5+ 26.Qb4 Qxb4+ 27.Kxb4 Rd2  0-1

[Event "10th Praha Open A"]
[Site "Prague CZE"]
[Date "2011.01.07"]
[Round "1"]
[White "Gavrilov,Al1"]
[Black "Rolle,E"]
[Result "1-0"]
[WhiteElo "2484"]
[BlackElo "2194"]

1.e4 d6 2.d4 Nf6 3.Nc3 e5 4.Nf3 Nbd7 5.Bc4 Be7 6.O-O O-O 7.Re1 c6 8.a4 b6
9.Bg5 Qc7 10.Nh4 Re8 11.Nf5 Bf8 12.d5 a6 13.dxc6 Qxc6 14.Ba2 h6 15.Bxf6 Nxf6
16.Nd5 Bxf5 17.Nxf6+ gxf6 18.Bd5 Qd7 19.Bxa8 Rxa8 20.exf5 Qxf5 21.Ra3 Rc8
22.Rf3 Qe6 23.Rxf6 Qxf6 24.Qg4+ Qg5 25.Qxc8 Qd2 26.Qg4+ Kh8 27.Qe2 Qb4 28.b3 f5
29.Rd1  1-0

[Event "9th Parsvnath Open"]
[Site "New Delhi IND"]
[Date "2011.01.08"]
[Round "1.20"]
[White "Narayanan,Sri"]
[Black "Neelotpal,D"]
[Result "1/2-1/2"]
[WhiteElo "2314"]
[BlackElo "2477"]

1.e4 d6 2.d4 Nf6 3.Nc3 e5 4.Nf3 Nbd7 5.Bc4 Be7 6.O-O O-O 7.Re1 a6 8.a4 b6
9.b3 Bb7 10.Bb2 c6 11.Bd3 g6 12.Ne2 exd4 13.Bxd4 c5 14.Bxf6 Bxf6 15.Rb1 Bg7
16.Ng3 Nf6 17.Bc4 d5 18.exd5 Nxd5 19.Ne4 Re8 20.Qd2 Rxe4 21.Rxe4 Nc3 22.Qxd8+ Rxd8
23.Re7 Bxf3 24.Rbe1 Bd5 25.Re8+ Rxe8 26.Rxe8+  1/2-1/2

[Event "TCh-BEL 2010-11"]
[Site "Ghent BEL"]
[Date "2011.01.09"]
[Round "6.5"]
[White "Vandenbussche,T"]
[Black "Fridman,Ra"]
[Result "1/2-1/2"]
[WhiteElo "2333"]
[BlackElo "2482"]

1.e4 d6 2.d4 Nf6 3.Nc3 e5 4.Nf3 exd4 5.Nxd4 Be7 6.Be2 O-O 7.O-O Re8 8.f4 Bf8
9.Bf3 c5 10.Nde2 Nc6 11.h3 Qb6 12.b3 Bd7 13.Bb2 Rac8 14.Na4 Qd8 15.Bxf6 gxf6
16.Ng3 Nd4 17.Bg4 f5 18.exf5 b5 19.c3 Re3 20.Nh5 Nxf5 21.Qd2 Re8 22.Nb2 Rc7
23.Rae1 Rxe1 24.Rxe1 Ng7 25.Nxg7 Kxg7 26.Nd1 Bxg4 27.hxg4 d5 28.Ne3 d4 29.c4 bxc4
30.bxc4 Rc6 31.Nd5 Qh4 32.g5 h6 33.Re8 hxg5 34.f5 g4 35.f6+ Rxf6 36.Nxf6 Qxf6
37.Re4 Qg6 38.Qe2 f5 39.Re6 Qg5 40.Qe5+ Kf7 41.Ra6 Be7 42.Rxa7 Qc1+ 43.Kf2 Qd2+
44.Kg1 Qc1+ 45.Kf2  1/2-1/2

[Event "9th Parsvnath Open"]
[Site "New Delhi IND"]
[Date "2011.01.09"]
[Round "3.21"]
[White "Rathore,So"]
[Black "Annurudha,G"]
[Result "1-0"]
[WhiteElo "1988"]
[BlackElo "2166"]

1.e4 d6 2.d4 Nf6 3.Nc3 e5 4.Nf3 Nbd7 5.Be2 Be7 6.O-O c6 7.a4 Qc7 8.h3 h6
9.Be3 g5 10.Nh2 Nf8 11.Ng4 Bxg4 12.hxg4 exd4 13.Bxd4 Ne6 14.g3 O-O-O 15.Bxa7 b6
16.a5 Qxa7 17.axb6 Qxb6 18.Ra6 Qb7 19.Qa1 Kb8 20.Qa5 Nd7 21.Ra1 Nc7 22.Ra7 Qb6
23.Ra8+ Kb7 24.Qa7+ Qxa7 25.R1xa7+ Kb6 26.Na4+  1-0

[Event "10th Praha Open A"]
[Site "Prague CZE"]
[Date "2011.01.09"]
[Round "3"]
[White "Svoboda,V2"]
[Black "Schmidt Schaeffer,S"]
[Result "1-0"]
[WhiteElo "2269"]
[BlackElo "2410"]

1.e4 d6 2.d4 Nf6 3.Nc3 Nbd7 4.g3 e5 5.Nge2 c6 6.Bg2 b5 7.d5 cxd5 8.Nxd5 Nxd5
9.Qxd5 Rb8 10.Be3 Qc7 11.Qd2 Be7 12.O-O O-O 13.Rfd1 Rd8 14.Rac1 h6 15.b3 Ba6
16.Nc3 Nf6 17.Bf1 Qb7 18.Qd3 Rbc8 19.Nd5 Nxd5 20.exd5 Bg5 21.Bxg5 hxg5 22.Qe3 b4
23.Bh3 Rc3 24.Qxg5 Re8 25.Rd2 e4 26.Re1 Qc7 27.Bf5 Rxc2 28.Rxc2 Qxc2 29.Qh5 Qc3
30.Qh7+  1-0

[Event "9th Parsvnath Open"]
[Site "New Delhi IND"]
[Date "2011.01.10"]
[Round "5.19"]
[White "Kravtsiv,M"]
[Black "Annurudha,G"]
[Result "1-0"]
[WhiteElo "2566"]
[BlackElo "2166"]

1.e4 d6 2.d4 Nf6 3.Nc3 e5 4.dxe5 dxe5 5.Qxd8+ Kxd8 6.Bg5 Be6 7.O-O-O+ Nd7
8.f4 exf4 9.Nf3 Kc8 10.Bxf4 Bb4 11.Nb5 Ba5 12.Nbd4 Nxe4 13.Nxe6 fxe6 14.Bc4 Re8
15.Rhf1 a6 16.c3 b5 17.Bd3 Nef6 18.Rfe1 Kb7 19.Bxh7 Nf8 20.Bc2 Bb6 21.Re2 Bc5
22.Ng5 Nd5 23.Bd2 Bd6 24.g3 Rad8 25.Rde1 e5 26.Nf7 Rd7 27.Nxd6+ Rxd6 28.Rxe5 Rxe5
29.Rxe5 c6 30.Bb3 Ne6 31.c4 bxc4 32.Bxc4 Kb6 33.h4 Nec7 34.h5 Rf6 35.Rg5  1-0

[Event "9th Parsvnath Open"]
[Site "New Delhi IND"]
[Date "2011.01.11"]
[Round "6"]
[White "Stefansson,H"]
[Black "Koshy,V"]
[Result "1-0"]
[WhiteElo "2580"]
[BlackElo "2309"]

1.d4 d6 2.e4 Nf6 3.Nc3 e5 4.Nf3 Nbd7 5.Bc4 Be7 6.O-O O-O 7.Re1 a6 8.a4 b6
9.Ba2 Bb7 10.Rb1 c6 11.b4 b5 12.Qd3 Qc7 13.Bg5 h6 14.Bd2 Rfe8 15.Ne2 c5 16.bxc5 Bxe4
17.Qc3 exd4 18.Nfxd4 Qxc5 19.Qg3 bxa4 20.Bxh6 Bf8 21.Be3 Qh5 22.f3 Bf5 23.Nf4 Qh7
24.Qf2 Rac8 25.Re2 Nc5 26.Rbe1 Bd7 27.g4 a3 28.g5  1-0

[Event "36th Open"]
[Site "Seville ESP"]
[Date "2011.01.11"]
[Round "5"]
[White "Das,Arg"]
[Black "Haslinger,S"]
[Result "0-1"]
[WhiteElo "2479"]
[BlackElo "2536"]

1.e4 d6 2.d4 Nf6 3.Nc3 e5 4.Nge2 c6 5.f3 h5 6.Be3 Be7 7.g3 Nbd7 8.a4 b6 9.h3 a6
10.Bg2 Bb7 11.g4 hxg4 12.fxg4 Nh7 13.Ng3 g6 14.d5 Bh4 15.Bf2 c5 16.Qd3 Ng5
17.Rf1 c4 18.Qxc4 Nxh3 19.Bxh3 Bxg3 20.Bxg3 Rxh3 21.Bf2 Rc8 22.Qb4 Qg5 23.Bxb6 Nxb6
24.Qxb6 Rh2 25.Rf2 Qh4 26.Ke2 Qxg4+ 27.Kd2 Qf4+ 28.Ke2 Rxc3 29.bxc3 Qxe4+
30.Kd2 Qf4+ 31.Ke2 Qe4+ 32.Kd2 Qf4+ 33.Ke2 Bxd5 34.Rf1 Bf3+  0-1

[Event "9th Parsvnath Open"]
[Site "New Delhi IND"]
[Date "2011.01.13"]
[Round "8"]
[White "Ni Hua"]
[Black "Danielsen,Hen"]
[Result "1/2-1/2"]
[WhiteElo "2645"]
[BlackElo "2519"]

1.e4 d6 2.d4 Nf6 3.Nc3 e5 4.Nf3 Nbd7 5.Bc4 Be7 6.O-O O-O 7.Re1 c6 8.a4 a5
9.h3 Nb6 10.Ba2 Nfd7 11.Be3 exd4 12.Qxd4 Nc5 13.Rad1 Be6 14.Bxe6 fxe6 15.e5 d5
16.Qg4 Qe8 17.b3 Nbd7 18.Rd4 Rf5 19.Qg3 Kh8 20.Rg4 Qf7 21.Bd2 Rf8 22.Re2 Bd8
23.Nd4 Bc7 24.f4 Bd8 25.Be3 Be7 26.Kh2 g6 27.Qf2 h5 28.Nxf5 Qxf5 29.Rh4 Ne4
30.Nxe4 Qxe4  1/2-1/2

[Event "36th Open"]
[Site "Seville ESP"]
[Date "2011.01.13"]
[Round "7"]
[White "Estrada Nieto,J"]
[Black "Valenti,G"]
[Result "1-0"]
[WhiteElo "2309"]
[BlackElo "2133"]

1.e4 d6 2.d4 Nf6 3.Nc3 e5 4.Nf3 Nbd7 5.Bc4 Be7 6.O-O O-O 7.Re1 c6 8.a4 a5
9.b3 Re8 10.Bb2 h6 11.Qd2 Bf8 12.Rad1 Qc7 13.h3 Nb6 14.Bd3 Be6 15.Ne2 Bc8
16.Ng3 g6 17.c4 Nbd7 18.Nh4 b6 19.Bc2 Bg7 20.Nhf5 gxf5 21.Nxf5 Kh7 22.Nxg7 Kxg7
23.f4 c5 24.dxe5 dxe5 25.Rf1 Re6 26.fxe5 Nxe5 27.Qf4 Ra7 28.Rd5 Nxd5 29.exd5  1-0

[Event "Magic Valley IM"]
[Site "Rodatychi UKR"]
[Date "2011.01.14"]
[Round "6"]
[White "Meleshko,V"]
[Black "Ianov,V"]
[Result "1-0"]
[WhiteElo "2271"]
[BlackElo "2329"]

1.e4 d6 2.d4 Nf6 3.Nc3 e5 4.dxe5 dxe5 5.Qxd8+ Kxd8 6.Bg5 Be6 7.O-O-O+ Nd7
8.f4 exf4 9.Bxf4 Bc5 10.h3 Nh5 11.Bh2 Be3+ 12.Kb1 Bf4 13.g4 Bxh2 14.Rxh2 Nf4
15.Rf2 g5 16.Nf3 h6 17.Ne5 Ke7 18.Nxd7 Bxd7 19.Nd5+ Nxd5 20.exd5 Rae8 21.Bc4 Rh7
22.Bd3 Rhh8 23.Re1+ Kf8 24.Ref1 Re7 25.c4 b6 26.b4 Kg7 27.c5 bxc5 28.bxc5 Rb8+
29.Kc2 Bb5 30.Kc3 Bxd3 31.Kxd3 Rb4 32.c6 Ra4 33.d6 Ra3+ 34.Kc4 cxd6 35.Rxf7+ Rxf7
36.Rxf7+ Kxf7 37.c7 Rxa2 38.Kb3 Rh2 39.c8=Q Rxh3+ 40.Kc4 Re3 41.Qf5+ Kg7
42.Qd7+ Kf6 43.Qxd6+ Re6 44.Qf8+ Ke5 45.Kc5 Rf6 46.Qe7+ Re6 47.Qf7  1-0

[Event "TCh-SVK Extraliga 2010-11"]
[Site "Bardejov CZE"]
[Date "2011.01.15"]
[Round "3.6"]
[White "Kovacik,E"]
[Black "Staricek,P"]
[Result "0-1"]
[WhiteElo "2232"]
[BlackElo "2206"]

1.e4 d6 2.d4 Nf6 3.Nc3 c6 4.f4 Qa5 5.Bd3 e5 6.Nf3 Bg4 7.Be3 Nbd7 8.O-O Be7
9.h3 Bxf3 10.Qxf3 h5 11.a3 a6 12.Ne2 h4 13.b4 Qc7 14.c4 b6 15.c5 bxc5 16.bxc5 exd4
17.cxd6 Bxd6 18.Bxd4 Bc5 19.e5 Nd5 20.Kh1 Rh6 21.Rfc1 Qa5 22.Bf5 Bf8 23.Nc3 Rd8
24.Be4 Nxc3 25.Rxc3 c5 26.Bf2 Be7 27.Rac1 Qc7 28.Qe2 Kf8 29.Be3 Rb8 30.f5 Qxe5
31.Bxh6 gxh6 32.Bd3 Qf4 33.Qe4 Qd2 34.R3c2 Qg5 35.Qd5 Nf6 36.Qe5 Rd8 37.Re1 Bd6
38.Qe3 Re8 39.Qf2 Rxe1+ 40.Qxe1 Qf4 41.Qg1 Nh5 42.g4 Qf3+ 43.Qg2 Qd1+ 44.Bf1 Ng3+
45.Kg1 Nxf1 46.Qa8+ Ke7 47.f6+ Kd7 48.Qb7+ Bc7 49.Rc1 Qxc1 50.Qd5+ Bd6 51.Qxf7+ Kc6
52.Qe8+ Kd5  0-1

[Event "4NCL 2010-11"]
[Site "Hinckley Island ENG"]
[Date "2011.01.15"]
[Round "3.12"]
[White "Bellin,R"]
[Black "Greet,A"]
[Result "0-1"]
[WhiteElo "2367"]
[BlackElo "2451"]

1.e4 d6 2.d4 Nf6 3.Nc3 e5 4.Nge2 Be7 5.f3 c6 6.Be3 O-O 7.Qd2 exd4 8.Bxd4 d5
9.O-O-O dxe4 10.Qe1 Qc7 11.fxe4 Nbd7 12.Be3 Re8 13.Bf4 Ne5 14.Kb1 Bf8 15.h3 b5
16.g4 b4 17.g5 Nh5 18.Na4 Nxf4 19.Nxf4 Qa5 20.b3 Nf3 21.Qg3 Nxg5 22.Nd5 Qd8
23.Bg2 cxd5 24.Rxd5 Qe7 25.Qxg5 Bb7  0-1

[Event "4NCL 2010-11"]
[Site "Hinckley Island ENG"]
[Date "2011.01.15"]
[Round "3.16"]
[White "Rendle,T"]
[Black "Cuenca Jimenez,J"]
[Result "1-0"]
[WhiteElo "2400"]
[BlackElo "2490"]

1.e4 d6 2.d4 Nf6 3.Nc3 e5 4.dxe5 dxe5 5.Qxd8+ Kxd8 6.Bc4 Bb4 7.Bg5 Bxc3+
8.bxc3 Be6 9.Bxe6 fxe6 10.Rb1 Nd7 11.f3 b6 12.Nh3 h6 13.Be3 Ke7 14.Nf2 Ne8
15.h4 Nd6 16.h5 Nc4 17.Bc1 Nf6 18.Nd1 Rad8 19.Ne3 Nxe3 20.Bxe3 Rd6 21.g4 Rc6
22.Bd2 Rc5 23.Ke2 Ra5 24.Ra1 Ra3 25.Rhb1 a5 26.Rb3 Ra4 27.a3 Rc4 28.Rg1 Kf7
29.Rb5 Nd7 30.g5 hxg5 31.Rxg5 Rc6 32.Rb1 Nf6 33.Rh1 Rc5 34.Be1 Rb5 35.Bg3 Rb2
36.Bxe5 Rxc2+ 37.Kd3 Rf2 38.Ke3 Ra2 39.Bxc7 Rxa3 40.Be5 Rh7 41.Rd1 b5 42.Bxf6 gxf6
43.Rc5 Kg8 44.Rc8+ Kg7 45.Rg1+ Kh6 46.Kf4 b4 47.Rcg8 Ra2 48.cxb4 axb4 49.R8g6+ Kxh5
50.Rxf6 Rh2 51.Rg5+ Kh4 52.Rxe6 b3 53.Rg7 Rh8 54.Re8 Rh6 55.Re6 Rh8 56.Re8 Rh6
57.Rb8 b2 58.Rgb7 Rf2 59.e5 Rc2 60.Rxb2 Rc4+ 61.Ke3 Ra6 62.R8b4 Ra3+ 63.Ke2 Rxb4
64.Rxb4+ Kg5 65.Re4 Ra7 66.e6 Kf6 67.Ke3 Ke7 68.Kf4 Ra3 69.Kg4 Rb3 70.f4 Rb1
71.Kf5 Rd1 72.Re5 Rh1 73.Kg6 Rf1 74.Rf5 Kxe6 75.Re5+ Kd6 76.Kf5 Rf2 77.Re1 Rh2
78.Kf6 Rf2 79.Rd1+ Kc7 80.f5 Rf3 81.Ke6 Re3+ 82.Kf7 Rf3 83.f6 Rf2 84.Ke7 Re2+
85.Kf8 Rf2 86.f7 Rf4 87.Rd2 Kc8 88.Rd5 Kc7 89.Ke7  1-0

[Event "Marienbad Open"]
[Site "Marianske Lazne CZE"]
[Date "2011.01.15"]
[Round "1"]
[White "Kurzok,Z"]
[Black "Zboril,J"]
[Result "1/2-1/2"]
[WhiteElo "1703"]
[BlackElo "2013"]

1.e4 d6 2.d4 Nf6 3.Nc3 e5 4.dxe5 dxe5 5.Qxd8+ Kxd8 6.Bc4 Be6 7.Bxe6 fxe6
8.Nf3 Bd6 9.Bg5 Nd7 10.O-O-O Ke7 11.h3 a6 12.Bh4 b5 13.Rhe1 Rhb8 14.Re2 a5
15.Ne1 h6 16.g4 g5 17.Bg3 Nf8 18.f4 Ng6 19.fxe5 Bxe5 20.Bxe5 Nxe5 21.Nd3 Nfd7
22.Rf1 b4 23.Nxe5 Nxe5 24.Nd1 Rf8 25.Ref2 Rxf2 26.Rxf2 Rf8 27.Rxf8 Kxf8 28.Kd2 Ke7
29.Ke3 Kd6 30.c3 bxc3 31.bxc3 Kc5 32.Kd2 Ng6 33.Nb2 c6 34.Nd3+ Kd6 35.Ke3 e5
36.Kd2 Nf4 37.Nf2 Kc5 38.Kc2 Kc4 39.Kd2 c5 40.Kc2 Kb5 41.Kb1 Kc4 42.Kc2 a4
43.Kd2 Kb5  1/2-1/2